De la vegueria a la província : la formació de la divisió territorial contemporània als Països Catalans (1790-1850) / Jesús Burgueño la formació de la divisió territorial contemporània als Països Catalans (1790-1850) / Jesús Burgueño
Descripción Física:
270 p. : amb map.; 24 cm + 2 transparències
Colección:
Col·lecció Camí Ral ; 7
MARC
| LEADER | 00000nam a2200000Ia 4500 | ||
|---|---|---|---|
| 001 | 10813 | ||
| 008 | 160829s1995 xx 000 0 cat d | ||
| 080 | |a M-2-46 | ||
| 100 | |a Burgueño, Jesús |9 22776 | ||
| 245 | |a De la vegueria a la província : |b la formació de la divisió territorial contemporània als Països Catalans (1790-1850) / Jesús Burgueño | ||
| 260 | |a Barcelona : |b Rafael Dalmau, |c 1995 | ||
| 300 | |a 270 p. : |b amb map.; |c 24 cm + 2 transparències | ||
| 490 | |a Col·lecció Camí Ral ; 7 | ||
| 590 | |a També diponible a: http://age.ieg.csic.es/boletin/34/3413.pdf (P. 171-192) | ||
| 650 | |a Països Catalans |x Divisions administratives i polítiques |x 1790/1850 |9 22777 | ||
| 901 | |a Arxiu | ||
| 942 | |n 1 | ||
| 952 | |0 0 |1 0 |4 0 |6 M246 |7 1 |9 42326 |a Arxiu |b Arxiu |d 2016-12-01 |l 0 |o M-2-46 |p 10813 |r 2016-12-01 00:00:00 |w 2016-12-01 |y ARXIU | ||
| 999 | |c 44804 |d 44804 | ||